| 000 | 00686nab a2200205 4500 | ||
|---|---|---|---|
| 003 | BR-BrBNA | ||
| 005 | 20250310232417.0 | ||
| 008 | 250310b bl.||||| |||| 00| 0 por d | ||
| 040 |
_aBR-BrBNA _bpor |
||
| 072 | _aP40 ; A50 ; E14 | ||
| 100 | _aAndrade, Lívia | ||
| 245 |
_aO homem que faz chover _bAgrotecnologia |
||
| 500 | _a4 illus. | ||
| 650 | _aINOVAÇÃO TECNOLÓGICA | ||
| 650 | _aPESQUISA | ||
| 650 | _aCHUVA ARTIFICIAL | ||
| 773 | 0 |
_01706 _9347827 _dSão Paulo-SP Editora Três Ltda - E-mail: luizfsa@revistadinheiro.com.br 2004 _o2025-0328 _tDinheiro Rural (Brazil) _x1807-3700 _gv. 2(13) p. 46-47; (Nov 2005) _wBR2025000081 |
|
| 942 | _cANA | ||
| 999 |
_c330315 _d330315 |
||